| 000 | 00000nam##2200000za#4500 |
| 001 | 9.695178 |
| 003 | CaOODSP |
| 005 | 20220125145842 |
| 007 | cr ||||||||||| |
| 008 | 150407|2009||||xxc|||||o f|0| 0 eng|d |
| 040 | |aCaOODSP|beng |
| 043 | |an-cn--- |
| 086 | 1 |aD2-188/1-2009E-PDF |
| 110 | 1 |aCanada. |bDepartment of National Defence. |
| 245 | 10|aTowards land operations 2021 : |h[electronic resource]|bstudies in support of the army of tomorrow - force employment concept / |cEdited by Andrew B. Godefroy and Peter Gizewski. |
| 260 | |aKingston - Ontario : |bNational Defence |c2009. |
| 300 | |a237p.|bcoloured figs., graphs, tables |
| 500 | |aThe catalogue number (D2-188/1-2009E) and ISBN (978-1-100-11775-1) for the print edition have been incorrectly copied in this PDF version. |
| 504 | |aBibliography. |
| 590 | |a12-30-Supp|b2012-06-28 |
| 690 | 07|aDefence policy|2gcpds |
| 775 | 08|tLes opérations terrestres en 2021 : |w(CaOODSP)9.639324 |
| 856 | 40|ahttp://publications.gc.ca|qPDF|s4519 KB|uhttps://publications.gc.ca/collections/collection_2011/dn-nd/D2-188-1-2009-eng.pdf |